Statistics for Famous Movie Masks

Click here to take the quiz!

General Stats

  • This quiz has been taken 30 times
    (29 since last reset)
  • The average score is 10 of 15

Answer Stats

Answer% Correct
Batman
100%
Iron Man
100%
Spider-Man
100%
Captain America
93%
Darth Vader
93%
V
93%
Robocop
78%
Stormtrooper
78%
Ghostface
70%
Michael Myers
70%
The Predator
70%
Jason Voorhees
41%
The Mouth of Sauron
33%
The Witch King
15%
Tusken Raider
11%

Score Distribution

Percentile by Number Answered

Percent of People with Each Score

Your Score History

You have not taken this quiz since the last reset